| 000 | 01250naa a22003137a 4500 | ||
|---|---|---|---|
| 001 | BR8302416 | ||
| 003 | BR-BrBNA | ||
| 005 | 20240918175234.0 | ||
| 007 | ta | ||
| 008 | 230509b bl.||||| |||| 00| 0 por d | ||
| 040 |
_aBR-BrBNA _bpor _cBiblioteca Nacional de Agricultura |
||
| 041 | _a(Pt) | ||
| 072 |
_aL10 _b6100 |
||
| 090 | _aL10 BR8302416 | ||
| 100 | 1 | _aDionello, N.J.L. | |
| 100 | 1 | _aMeilli, H.L.F. | |
| 100 | 1 | _aSouza, B.A. de | |
| 111 | 1 |
_a8. Congresso Latino Americano de Avicultura; 8. Congresso Brasileiro de Avicultura _cCamboriu, SC (Brazil) _d12-15 Oct 1983 |
|
| 245 | 1 | _aIndices de selecao para poedeiras [galinha para postura, selecao genetica, selecao fenotipa] | |
| 260 | 3 |
_aCamboriu, SC (Brasil): _c1983. |
|
| 500 | _aAnais do 8. Congresso Latino Americano de Avicultura e 8. Congresso Brasileiro de Avicultura Camboriu, SC (Brasil): 1983. p. 18-23 (BR8302416-AM)L10 | ||
| 650 | _aGALINHA PARA POSTURA | ||
| 650 | _aSELECAO GENETICA | ||
| 650 | _aSELECAO FENOTIPA | ||
| 650 | _aPESO | ||
| 773 | 0 |
_tAnais do 8. Congresso Latino Americano de Avicultura e 8. Congresso Brasileiro de Avicultura _wL10 BR8302416 _gCamboriu, SC (Brasil), 1983. p. 18-23 |
|
| 909 |
_a202404 _bLucia _c55 _dLucia Elande |
||
| 942 |
_cAM _2AGRIS |
||
| 999 |
_c315819 _d315819 |
||